[Event "Fynsmesterskabet"]
[Site "Odense"]
[Date "2011.06.03"]
[Round "4"]
[White "Frantsen, Tom"]
[Black "Rasmussen, Jens"]
[Result "1-0"]
[WhiteElo "2117"]
[BlackElo "1789"]
[PlyCount "63"]
[EventDate "2011.06.01"]
[EventType "swiss"]
[EventRounds "9"]
[EventCountry "DEN"]
[SourceTitle "CBM 142 Extra"]
[Source "ChessBase"]
[SourceDate "2011.06.27"]

1. e4 c5 2. Nf3 d6 3. c3 a6 4. Be2 Bd7 5. d4 cxd4 6. cxd4 e6 7. Nc3 Be7 8. O-O
Nc6 9. Be3 Nf6 10. d5 Nb8 11. Qb3 b5 12. a4 Ng4 13. Bd2 O-O 14. axb5 Bc8 15. b6
Qd7 16. Nd4 h5 17. Bb5 Qd8 18. Bc6 Nxc6 19. dxc6 e5 20. b7 Rb8 21. bxc8=Q Qxc8
22. Nf5 Re8 23. Nd5 Bf8 24. Qc2 Rb5 25. b4 g6 26. Nfe3 Kg7 27. Nxg4 hxg4 28.
Bg5 Re6 29. c7 f6 30. Be3 Re8 31. Qc6 Qa8 32. Qxb5 1-0

[Event "Fynsmesterskabet"]
[Site "Odense"]
[Date "2011.06.03"]
[Round "4"]
[White "Frisk, Ellinor"]
[Black "Eriksson, Christian Altenburg"]
[Result "1-0"]
[WhiteElo "2162"]
[BlackElo "2139"]
[PlyCount "79"]
[EventDate "2011.06.01"]
[EventType "swiss"]
[EventRounds "9"]
[EventCountry "DEN"]
[SourceTitle "CBM 142 Extra"]
[Source "ChessBase"]
[SourceDate "2011.06.27"]

1. e4 c5 2. Nc3 Nc6 3. Bb5 Nf6 4. Bxc6 dxc6 5. f4 Bg4 6. Nf3 Qc7 7. d3 g6 8.
O-O Bg7 9. Qe1 Nd7 10. Qh4 Bxf3 11. Rxf3 c4 12. Be3 cxd3 13. cxd3 Qd6 14. e5
Qb4 15. Rf2 f6 16. a3 Qb3 17. d4 Nb6 18. Re1 O-O-O 19. Ne4 Qf7 20. Nc5 f5 21.
Rc2 Nd5 22. Bf2 h6 23. b4 g5 24. fxg5 hxg5 25. Qxg5 Rh5 26. e6 Rxg5 27. exf7
Rh8 28. b5 Rg4 29. bxc6 bxc6 30. Re6 Kc7 31. Nd3 Rb8 32. Rexc6+ Kd7 33. Ne5+
Bxe5 34. dxe5 e6 35. Rc8 Rb1+ 36. Be1 Rf4 37. f8=N+ Ke7 38. Ng6+ Kf7 39. Nxf4
Nxf4 40. Kf1 1-0

[Event "Fynsmesterskabet"]
[Site "Odense"]
[Date "2011.06.03"]
[Round "4"]
[White "Hagen, Andreas Skytte"]
[Black "Christensen, Bo Garner"]
[Result "1/2-1/2"]
[WhiteElo "2346"]
[BlackElo "2287"]
[PlyCount "127"]
[EventDate "2011.06.01"]
[EventType "swiss"]
[EventRounds "9"]
[EventCountry "DEN"]
[SourceTitle "CBM 142 Extra"]
[Source "ChessBase"]
[SourceDate "2011.06.27"]

1. c4 f5 2. g3 Nf6 3. Bg2 g6 4. Nc3 Bg7 5. d3 O-O 6. e4 Nc6 7. Nge2 d6 8. O-O
e5 9. Nd5 h6 10. Be3 g5 11. exf5 Bxf5 12. b4 Ng4 13. b5 Nd4 14. h3 Nxe3 15.
fxe3 Ne6 16. g4 Bg6 17. Rxf8+ Qxf8 18. Ndc3 Nc5 19. Ne4 Nxe4 20. dxe4 Bf7 21.
Qd3 a6 22. b6 cxb6 23. Nc3 Qc8 24. Bf1 Qc5 25. Rb1 b5 26. cxb5 axb5 27. Rxb5
Qc6 28. Nd5 Kh8 29. Qb1 Ra7 30. Qb2 Bf8 31. Qf2 Kg8 32. Rb2 Bxd5 33. exd5 Qxd5
34. Rc2 Qf7 35. Bc4 d5 36. Qxf7+ Kxf7 37. Bxd5+ Kf6 38. Rc7 Bd6 39. Rxb7 Rxb7
40. Bxb7 Bc5 41. Kf2 Ba7 42. Kf3 Bc5 43. a4 Ba7 44. a5 Bc5 45. Ke4 Ba7 46. Bd5
Bc5 47. Bg8 Ba7 48. a6 Bb6 49. Kd5 Bxe3 50. Bh7 Bg1 51. Be4 Bf2 52. Kd6 Bg1 53.
Kd7 Bd4 54. Ke8 Bc5 55. Bf5 h5 56. Kd7 h4 57. Be4 Bg1 58. Ke8 Bc5 59. Bd5 e4
60. Bxe4 Ke5 61. Bb7 Kf4 62. Kf7 Kg3 63. Kg6 Be3 64. a7 1/2-1/2

[Event "Fynsmesterskabet"]
[Site "Odense"]
[Date "2011.06.03"]
[Round "4"]
[White "Kjolberg, Lars"]
[Black "Almer, Julia"]
[Result "1-0"]
[WhiteElo "2145"]
[BlackElo "1949"]
[PlyCount "97"]
[EventDate "2011.06.01"]
[EventType "swiss"]
[EventRounds "9"]
[EventCountry "DEN"]
[SourceTitle "CBM 142 Extra"]
[Source "ChessBase"]
[SourceDate "2011.06.27"]

1. d4 e6 2. c4 f5 3. Nf3 Nf6 4. e3 d5 5. Bd3 c6 6. O-O Bd6 7. b3 Qe7 8. Bb2 O-O
9. Qc1 a5 10. Ba3 Bxa3 11. Qxa3 Qxa3 12. Nxa3 Ne4 13. Ne5 Nd7 14. Nxd7 Bxd7 15.
f3 Nd6 16. Nc2 Be8 17. c5 Nb5 18. a4 Nc7 19. b4 axb4 20. Rfb1 Bd7 21. Rxb4 Bc8
22. f4 Ne8 23. a5 Nf6 24. Rb2 Rf7 25. Nb4 Rc7 26. h3 Kf7 27. Rba2 Ke7 28. a6
bxa6 29. Bxa6 Bxa6 30. Rxa6 Rxa6 31. Rxa6 Kd7 32. Nd3 Ne4 33. Ne5+ Ke7 34.
Nxc6+ Kd7 35. Ne5+ Ke7 36. Ra7 Rxa7 37. Nc6+ Kd7 38. Nxa7 Kc7 39. Nb5+ Kc6 40.
Na3 Nd2 41. Kf2 Ne4+ 42. Ke2 Ng3+ 43. Kd3 Nf1 44. Nb1 Kb5 45. Nc3+ Kc6 46. Ne2
g6 47. Ng1 h6 48. Nf3 Kc7 49. h4 1-0

[Event "Fynsmesterskabet"]
[Site "Odense"]
[Date "2011.06.03"]
[Round "4"]
[White "Knudsen, Jesper"]
[Black "Larsen, Ulrik Jejlskov"]
[Result "1-0"]
[WhiteElo "2050"]
[BlackElo "1755"]
[PlyCount "49"]
[EventDate "2011.06.01"]
[EventType "swiss"]
[EventRounds "9"]
[EventCountry "DEN"]
[SourceTitle "CBM 142 Extra"]
[Source "ChessBase"]
[SourceDate "2011.06.27"]

1. e4 c5 2. Nf3 d6 3. d4 cxd4 4. Nxd4 Nf6 5. Nc3 Nc6 6. f3 e5 7. Nb3 Be6 8. Be3
d5 9. exd5 Nxd5 10. Nxd5 Qxd5 11. Qxd5 Bxd5 12. O-O-O Be6 13. Nc5 Bxc5 14. Bxc5
Rc8 15. Kb1 f6 16. Bd3 Kf7 17. h4 g6 18. h5 f5 19. Rde1 g5 20. b3 Rhd8 21. Ba3
h6 22. Rhf1 f4 23. Re2 Nd4 24. Rxe5 Kf6 25. Rfe1 1-0

[Event "Fynsmesterskabet"]
[Site "Odense"]
[Date "2011.06.03"]
[Round "4"]
[White "Lafuente, Pablo"]
[Black "Fries Nielsen, Niels Jorgen"]
[Result "1-0"]
[WhiteElo "2555"]
[BlackElo "2326"]
[PlyCount "75"]
[EventDate "2011.06.01"]
[EventType "swiss"]
[EventRounds "9"]
[EventCountry "DEN"]
[SourceTitle "CBM 142 Extra"]
[Source "ChessBase"]
[SourceDate "2011.06.27"]

1. d4 Nf6 2. c4 c5 3. d5 b5 4. cxb5 a6 5. e3 g6 6. Nc3 d6 7. a4 Bg7 8. Ra3 O-O
9. Nf3 Nbd7 10. e4 Ne8 11. Be2 axb5 12. Nxb5 Ba6 13. O-O Nc7 14. Nxc7 Qxc7 15.
b3 Rfb8 16. Bxa6 Rxa6 17. Qc2 c4 18. Be3 Rb7 19. Rc1 Qb8 20. Qxc4 Bb2 21. Qxa6
Bxa3 22. Rc2 Bc5 23. Nd4 Rb6 24. Qc4 Rb4 25. Qc3 Qb6 26. a5 Qb7 27. f3 f6 28.
Kf2 Ne5 29. Qd2 Bxd4 30. Bxd4 Rxb3 31. Bxe5 fxe5 32. Ra2 Qa7+ 33. Kg3 Kg7 34.
a6 h6 35. Qf2 Rb6 36. Rc2 Kf6 37. Rc8 h5 38. Qg1 1-0

[Event "Fynsmesterskabet"]
[Site "Odense"]
[Date "2011.06.03"]
[Round "4"]
[White "Mikkelsen, Nikolaj"]
[Black "Kantans, Toms"]
[Result "0-1"]
[WhiteElo "2401"]
[BlackElo "2306"]
[PlyCount "112"]
[EventDate "2011.06.01"]
[EventType "swiss"]
[EventRounds "9"]
[EventCountry "DEN"]
[SourceTitle "CBM 142 Extra"]
[Source "ChessBase"]
[SourceDate "2011.06.27"]

1. e4 c5 2. Nf3 d6 3. d4 cxd4 4. Nxd4 Nf6 5. Nc3 g6 6. Be3 Bg7 7. f3 O-O 8. Qd2
Nc6 9. Bc4 Bd7 10. O-O-O Rb8 11. Bb3 Na5 12. Bh6 Bxh6 13. Qxh6 b5 14. h4 e5 15.
Nde2 b4 16. Nd5 Nxb3+ 17. cxb3 Nxd5 18. Rxd5 Rb6 19. Kb1 Be6 20. Rd2 Ra6 21.
Nc1 d5 22. f4 f6 23. Rf1 exf4 24. Qxf4 Qa5 25. h5 g5 26. Qe3 dxe4 27. Rc2 Qd5
28. Rc5 Qd6 29. Rxg5+ Kh8 30. Rb5 Bd7 31. Rb7 f5 32. g4 Bc6 33. Rd1 Qf6 34.
Rxb4 fxg4 35. Ne2 Be8 36. Ng3 Rd6 37. Rxd6 Qxd6 38. a3 Rf3 39. Qg5 Qxg3 40. h6
Rf7 41. Ka2 Qf4 42. Qd5 Re7 43. Qd8 Qe5 44. Rd4 e3 45. Rf4 Kg8 46. Rf5 Qxf5 47.
Qxe7 Qd7 48. Qxe3 Bg6 49. Qe5 Kf7 50. a4 Bf5 51. Qg7+ Ke6 52. Qg5 Ke5 53. Ka3
Ke4 54. Qh4 Kf4 55. b4 Qd3+ 56. b3 Qc3 0-1

[Event "Fynsmesterskabet"]
[Site "Odense"]
[Date "2011.06.03"]
[Round "4"]
[White "Pedersen, Hans Buus"]
[Black "Randlov, Carsten"]
[Result "1-0"]
[WhiteElo "2141"]
[BlackElo "1863"]
[PlyCount "97"]
[EventDate "2011.06.01"]
[EventType "swiss"]
[EventRounds "9"]
[EventCountry "DEN"]
[SourceTitle "CBM 142 Extra"]
[Source "ChessBase"]
[SourceDate "2011.06.27"]

1. e4 d6 2. d4 Nf6 3. Nc3 g6 4. Be3 Ng4 5. Bf4 Bg7 6. f3 Nf6 7. Qd2 O-O 8. g4
c5 9. d5 a6 10. a4 Nbd7 11. Nge2 Qa5 12. Nd1 Qxd2+ 13. Kxd2 Ne8 14. Nec3 Nc7
15. Ne3 Rb8 16. Nc4 b5 17. Na5 b4 18. Nd1 Bb7 19. Rb1 Ne5 20. Be2 e6 21. Nxb7
Rxb7 22. Ne3 a5 23. Nc4 Nxc4+ 24. Bxc4 e5 25. Be3 f6 26. h4 Ne8 27. Ke2 Rbf7
28. h5 g5 29. h6 Bh8 30. Kd3 Rb7 31. Ba6 Rb6 32. Bc8 Nc7 33. Bf5 Rf7 34. Kc4
Re7 35. Rbd1 Kf8 36. Bxc5 Ra6 37. Be3 Ne8 38. Kd3 Ra8 39. c4 bxc3 40. bxc3 Rb8
41. Rb1 Reb7 42. Kc2 Nc7 43. Rxb7 Rxb7 44. Rb1 Rxb1 45. Kxb1 Na6 46. Kb2 Ke7
47. Kb3 Nc5+ 48. Bxc5 dxc5 49. Kc4 1-0

[Event "Fynsmesterskabet"]
[Site "Odense"]
[Date "2011.06.03"]
[Round "4"]
[White "Preuss, Flemming"]
[Black "Grau, Peter"]
[Result "1-0"]
[WhiteElo "1991"]
[BlackElo "2101"]
[PlyCount "97"]
[EventDate "2011.06.01"]
[EventType "swiss"]
[EventRounds "9"]
[EventCountry "DEN"]
[SourceTitle "CBM 142 Extra"]
[Source "ChessBase"]
[SourceDate "2011.06.27"]

1. f4 d6 2. Nf3 g6 3. e4 Nf6 4. Nc3 c6 5. d4 Bg7 6. Bd3 O-O 7. O-O a6 8. a4 a5
9. Kh1 Na6 10. Qe2 Bg4 11. e5 Nh5 12. Be3 Nb4 13. Bc4 Bh6 14. g3 d5 15. Bb3 Qd7
16. Qf2 Kh8 17. Rad1 f6 18. Rd2 Ng7 19. Ne2 b5 20. c3 Na6 21. Neg1 Ra7 22. Kg2
Nc7 23. h3 Bxf3+ 24. Nxf3 f5 25. Nh2 Nge8 26. Qe1 Na8 27. Rdf2 Nb6 28. axb5
cxb5 29. Bc1 e6 30. g4 Nc7 31. Qe2 Re8 32. Kh1 Nca8 33. Rg2 Rc7 34. Rfg1 a4 35.
Bc2 a3 36. Bd3 axb2 37. Bxb2 Nc4 38. Bc1 Nab6 39. gxf5 exf5 40. h4 Qf7 41. Nf3
Re6 42. h5 Na4 43. Ng5 Bxg5 44. Rxg5 Nxc3 45. Qh2 Ne4 46. Bxe4 fxe4 47. hxg6
Qg7 48. f5 Rec6 49. f6 1-0

[Event "Fynsmesterskabet"]
[Site "Odense"]
[Date "2011.06.03"]
[Round "4"]
[White "Rendboe, John Filip"]
[Black "Fries Nielsen, Jens Ove"]
[Result "0-1"]
[WhiteElo "2272"]
[BlackElo "2386"]
[PlyCount "120"]
[EventDate "2011.06.01"]
[EventType "swiss"]
[EventRounds "9"]
[EventCountry "DEN"]
[SourceTitle "CBM 142 Extra"]
[Source "ChessBase"]
[SourceDate "2011.06.27"]

1. d4 g6 2. e4 Bg7 3. c4 e6 4. Nc3 Ne7 5. Nf3 d5 6. Bg5 f6 7. Bf4 g5 8. Be3
dxe4 9. Nxe4 Nbc6 10. g4 h5 11. gxh5 Nf5 12. Rg1 Qe7 13. Ng3 Nxe3 14. fxe3 f5
15. Bd3 g4 16. Nd2 Bd7 17. Qe2 O-O-O 18. O-O-O Be8 19. Rgf1 Bxh5 20. h3 Be8 21.
hxg4 Rh3 22. Nh5 Bxh5 23. gxh5 Bxd4 24. Nf3 Bg7 25. Rh1 Rxh1 26. Rxh1 Qf6 27.
Rg1 Bh8 28. Rg6 Qe7 29. a3 Qd7 30. Bc2 Ne7 31. Rg1 Qc6 32. Nd4 Qd6 33. Rd1 Qe5
34. Ba4 Qf6 35. Nb5 Rxd1+ 36. Bxd1 a6 37. Nc3 Qg5 38. Qd2 Bg7 39. Be2 Bh6 40.
Nd1 Ng8 41. c5 Qe7 42. Qc2 c6 43. Bf3 Nf6 44. b4 Nd7 45. Qh2 Qf6 46. Qb2 Ne5
47. Be2 Bg7 48. Qd4 Qe7 49. Qf4 Nf7 50. Kc2 Qf6 51. Qc4 Ng5 52. a4 Qe5 53. Qc3
Qe4+ 54. Qd3 Qxb4 55. Qc4 Qe1 56. Bd3 Bf6 57. Qf4 Qa5 58. Qd6 Qxa4+ 59. Kd2
Qa2+ 60. Kc1 Qd5 0-1

[Event "Fynsmesterskabet"]
[Site "Odense"]
[Date "2011.06.03"]
[Round "4"]
[White "Rewitz, Poul"]
[Black "Lund, Silas"]
[Result "1-0"]
[WhiteElo "2289"]
[BlackElo "2401"]
[PlyCount "93"]
[EventDate "2011.06.01"]
[EventType "swiss"]
[EventRounds "9"]
[EventCountry "DEN"]
[SourceTitle "CBM 142 Extra"]
[Source "ChessBase"]
[SourceDate "2011.06.27"]

1. d4 d5 2. c4 e6 3. Nc3 c6 4. e4 dxe4 5. Nxe4 Bb4+ 6. Bd2 Qxd4 7. Bxb4 Qxe4+
8. Be2 Na6 9. Ba5 b6 10. Bc3 f6 11. Nf3 Ne7 12. O-O O-O 13. Nd4 Qf4 14. Bf3 Qc7
15. b4 Bd7 16. Qb3 Rad8 17. Rfe1 e5 18. Nb5 Qb8 19. c5+ Kh8 20. Nd6 Be8 21. Qc4
b5 22. Qe6 Nd5 23. Bxd5 cxd5 24. Nxe8 Rfxe8 25. Qxa6 d4 26. Bb2 e4 27. Rad1 d3
28. Bxf6 e3 29. fxe3 gxf6 30. Qxf6+ Kg8 31. Qg5+ Kh8 32. Qf6+ Kg8 33. e4 Qe5
34. Qxe5 Rxe5 35. Re3 d2 36. Re2 a5 37. Rexd2 Rf8 38. bxa5 Rxc5 39. a6 b4 40.
Rd5 Rc2 41. R5d2 Rc6 42. Rb1 Rc4 43. Rdb2 Rxe4 44. Rxb4 Re2 45. a4 h5 46. a7
Ra2 47. Rf4 1-0

[Event "Fynsmesterskabet"]
[Site "Odense"]
[Date "2011.06.03"]
[Round "4"]
[White "Rostgaard, Tobias Valentin"]
[Black "Skjoldager, Mikael"]
[Result "1-0"]
[WhiteElo "2207"]
[BlackElo "1990"]
[PlyCount "81"]
[EventDate "2011.06.01"]
[EventType "swiss"]
[EventRounds "9"]
[EventCountry "DEN"]
[SourceTitle "CBM 142 Extra"]
[Source "ChessBase"]
[SourceDate "2011.06.27"]

1. d4 Nf6 2. c4 g6 3. g3 Bg7 4. Bg2 d5 5. cxd5 Nxd5 6. Nf3 Nb6 7. e3 c5 8. O-O
cxd4 9. Nxd4 O-O 10. Nc3 e5 11. Ndb5 Qe7 12. Qd6 Qxd6 13. Nxd6 Nc6 14. a4 Rd8
15. Nxc8 Raxc8 16. a5 Nc4 17. a6 bxa6 18. Rxa6 Nb4 19. Rxa7 Nd2 20. Bxd2 Rxd2
21. Rb7 Bf8 22. Ne4 Rxb2 23. Ng5 Rbc2 24. Nxf7 R2c7 25. Rxc7 Rxc7 26. Nxe5 Bg7
27. Nf3 Kf7 28. Ng5+ Kg8 29. Ne6 Rc8 30. Nxg7 Kxg7 31. g4 g5 32. Be4 Rc4 33. f3
Nc6 34. Bxc6 Rxc6 35. Kg2 Kg6 36. Kg3 h5 37. gxh5+ Kxh5 38. Rd1 Rc3 39. e4 Re3
40. Rd5 Kg6 41. Kg4 1-0

[Event "Fynsmesterskabet"]
[Site "Odense"]
[Date "2011.06.03"]
[Round "4"]
[White "Smith, Axel"]
[Black "Meszaros, Michal"]
[Result "1-0"]
[WhiteElo "2450"]
[BlackElo "2414"]
[PlyCount "73"]
[EventDate "2011.06.01"]
[EventType "swiss"]
[EventRounds "9"]
[EventCountry "DEN"]
[SourceTitle "CBM 142 Extra"]
[Source "ChessBase"]
[SourceDate "2011.06.27"]

1. d4 Nf6 2. c4 g6 3. Nc3 Bg7 4. e4 d6 5. Be2 O-O 6. Nf3 e5 7. O-O Na6 8. Be3
Ng4 9. Bg5 Qe8 10. h3 exd4 11. Nd5 f6 12. Bc1 Nh6 13. Nxd4 c6 14. Nc3 f5 15.
exf5 Nxf5 16. Nxf5 Bxf5 17. Be3 Qe7 18. Qd2 Rae8 19. Rad1 Be5 20. Rfe1 Nc5 21.
Bf1 Qf6 22. Bg5 Qh8 23. Bh6 Rf7 24. Qxd6 Ne4 25. Qd8 Rfe7 26. Nxe4 Bxe4 27.
Rxe4 Bh2+ 28. Kxh2 Rxe4 29. Qc7 Qxb2 30. Rd7 Qe5+ 31. Qxe5 R4xe5 32. c5 Rxc5
33. Rg7+ Kh8 34. Rxb7 a5 35. Be3 Rd5 36. Bc4 Rd6 37. Bh6 1-0

[Event "Fynsmesterskabet"]
[Site "Odense"]
[Date "2011.06.03"]
[Round "4"]
[White "Svendsen, Mads Bilde"]
[Black "Kjolberg, Jens Hjorth"]
[Result "1-0"]
[WhiteElo "2163"]
[BlackElo "1931"]
[PlyCount "73"]
[EventDate "2011.06.01"]
[EventType "swiss"]
[EventRounds "9"]
[EventCountry "DEN"]
[SourceTitle "CBM 142 Extra"]
[Source "ChessBase"]
[SourceDate "2011.06.27"]

1. d4 Nf6 2. c4 g6 3. Nc3 Bg7 4. e4 d6 5. Nge2 O-O 6. Ng3 e5 7. d5 a5 8. Be2
Na6 9. h4 Qe8 10. h5 Nd7 11. hxg6 fxg6 12. Be3 Ndc5 13. Qd2 Na4 14. Nd1 b6 15.
b3 N4c5 16. Rb1 Nd7 17. Bg5 Nf6 18. f3 Bd7 19. Nc3 Qf7 20. Qe3 Nc5 21. Qg1 Rfb8
22. Qh2 Na6 23. Nf1 Bh8 24. Ne3 Nb4 25. Kd2 a4 26. bxa4 Na6 27. Ng4 Bxg4 28.
fxg4 Qd7 29. Rbf1 Ne8 30. Qh6 Qg7 31. Qh4 Nc5 32. Bh6 g5 33. Bxg5 Nd7 34. Rf5
Qg6 35. Bh6 Bf6 36. g5 Bg7 37. Bh5 1-0

[Event "Fynsmesterskabet"]
[Site "Odense"]
[Date "2011.06.03"]
[Round "4"]
[White "Teplyi, Igor"]
[Black "Macak, Stefan"]
[Result "1-0"]
[WhiteElo "2387"]
[BlackElo "2400"]
[PlyCount "140"]
[EventDate "2011.06.01"]
[EventType "swiss"]
[EventRounds "9"]
[EventCountry "DEN"]
[SourceTitle "CBM 142 Extra"]
[Source "ChessBase"]
[SourceDate "2011.06.27"]

1. d4 Nf6 2. c4 g6 3. Nc3 Bg7 4. e4 d6 5. Nf3 O-O 6. Be2 Na6 7. O-O e5 8. Re1
Re8 9. Bf1 Bg4 10. d5 Nb4 11. Be2 a5 12. Be3 Nh5 13. a3 Na6 14. g3 Qd7 15. Rb1
f5 16. Ng5 Bxe2 17. Qxe2 f4 18. Bc1 Bh6 19. Ne6 Ng7 20. Nxg7 Kxg7 21. gxf4 Bxf4
22. Bxf4 exf4 23. Qf3 g5 24. b4 axb4 25. axb4 Re5 26. Kh1 Kh8 27. Ne2 Rf8 28.
Nd4 g4 29. Qc3 Rf6 30. Nf5 h6 31. c5 Kh7 32. f3 gxf3 33. Qxf3 dxc5 34. Ne3 Rg5
35. Rg1 Qg7 36. Nf5 Qg6 37. Qxf4 cxb4 38. Qe5 Rfxf5 39. exf5 Rxf5 40. Qe7+ Qf7
41. d6 cxd6 42. Qxd6 Qd5+ 43. Qxd5 Rxd5 44. Rbe1 Rd7 45. Re5 Nb8 46. Rb5 Nc6
47. h4 Re7 48. h5 Rd7 49. Rg6 Nd8 50. Rgb6 Rd3 51. Kg2 Rd2+ 52. Kf3 Kg7 53.
Rg6+ Kh7 54. Rbb6 Rd5 55. Rxh6+ Kg7 56. Rhg6+ Kh7 57. Rh6+ Kg7 58. Rbg6+ Kf7
59. Rh7+ Kf8 60. h6 b3 61. Rf6+ Ke8 62. Rb6 Nf7 63. Re6+ Kf8 64. Rf6 Rd7 65.
Rg7 b2 66. Rg1 Ke7 67. Rb6 Rc7 68. h7 Rc1 69. Rg7 Rh1 70. Kg2 Rh5 1-0

[Event "Fynsmesterskabet"]
[Site "Odense"]
[Date "2011.06.03"]
[Round "4"]
[White "Topholm, Morten"]
[Black "Nord, Michael"]
[Result "1-0"]
[WhiteElo "2159"]
[BlackElo "1974"]
[PlyCount "51"]
[EventDate "2011.06.01"]
[EventType "swiss"]
[EventRounds "9"]
[EventCountry "DEN"]
[SourceTitle "CBM 142 Extra"]
[Source "ChessBase"]
[SourceDate "2011.06.27"]

1. e4 c5 2. g3 d5 3. exd5 Qxd5 4. Nf3 Bg4 5. Bg2 Qe6+ 6. Kf1 Bh3 7. b4 Bxg2+ 8.
Kxg2 Qf6 9. d4 cxd4 10. Bb2 Qb6 11. a3 Nc6 12. Nbd2 e6 13. Nc4 Qc7 14. b5 Na5
15. Nxa5 Qxa5 16. Nxd4 Nf6 17. Re1 O-O-O 18. Qe2 Bd6 19. c4 Rhe8 20. c5 Bf8 21.
b6 axb6 22. cxb6 Qxb6 23. Rac1+ Kb8 24. Nb5 Rc8 25. Bd4 Qa5 26. Qe5+ 1-0

[Event "Fynsmesterskabet"]
[Site "Odense"]
[Date "2011.06.03"]
[Round "4"]
[White "Wilton, Lars"]
[Black "Antonsen, Mikkel"]
[Result "0-1"]
[WhiteElo "2144"]
[BlackElo "2472"]
[PlyCount "148"]
[EventDate "2011.06.01"]
[EventType "swiss"]
[EventRounds "9"]
[EventCountry "DEN"]
[SourceTitle "CBM 142 Extra"]
[Source "ChessBase"]
[SourceDate "2011.06.27"]

1. d4 Nf6 2. Nf3 g6 3. c4 Bg7 4. Nc3 d5 5. cxd5 Nxd5 6. Bd2 O-O 7. e3 c5 8. Qb3
Nb4 9. a3 Be6 10. Qd1 Nd5 11. Rc1 cxd4 12. Nxd4 Nxc3 13. Bxc3 Bd5 14. Nf3 Nc6
15. Bxg7 Kxg7 16. Be2 Qa5+ 17. Rc3 Rfd8 18. Qc1 Bxf3 19. Bxf3 Ne5 20. Be2 Nd3+
21. Bxd3 Rxd3 22. b4 Qd5 23. O-O Rd8 24. h3 Rd7 25. Rxd3 Qxd3 26. Qb2+ f6 27.
Rc1 h5 28. Qc3 Qe4 29. a4 h4 30. a5 Qe6 31. Qc5 b6 32. axb6 axb6 33. Qc3 g5 34.
f3 Ra7 35. e4 Qd6 36. Re1 Qg3 37. Ra1 Rc7 38. Qe1 Rc2 39. Qf1 Qf4 40. Re1 Qd2
41. Rb1 Kf7 42. b5 Qe3+ 43. Kh1 Qe2 44. Qxe2 Rxe2 45. Rd1 Ke6 46. Rd5 Rc2 47.
f4 gxf4 48. Rf5 Rc1+ 49. Kh2 Rf1 50. Rh5 Re1 51. Rxh4 Rxe4 52. Rg4 Kf7 53. h4
Rc4 54. Kg1 e5 55. Kf2 Rc2+ 56. Kf3 Ke6 57. Rg8 Kf5 58. g4+ fxg3 59. Kxg3 Rc3+
60. Kg2 Rc4 61. Kg3 e4 62. h5 Rc1 63. Kg2 Rc7 64. Rb8 Rg7+ 65. Kf2 Rh7 66. Rxb6
Rxh5 67. Rc6 Rh2+ 68. Ke3 Rh3+ 69. Kd4 Rd3+ 70. Kc4 Rd8 71. b6 e3 72. b7 e2 73.
Rc8 e1=Q 74. b8=Q Rxc8+ 0-1

[Event "Fynsmesterskabet"]
[Site "Odense"]
[Date "2011.06.03"]
[Round "5"]
[White "Antonsen, Mikkel"]
[Black "Christensen, Bo Garner"]
[Result "1-0"]
[WhiteElo "2472"]
[BlackElo "2287"]
[PlyCount "75"]
[EventDate "2011.06.01"]
[EventType "swiss"]
[EventRounds "9"]
[EventCountry "DEN"]
[SourceTitle "CBM 142 Extra"]
[Source "ChessBase"]
[SourceDate "2011.06.27"]

1. d4 Nf6 2. c4 g6 3. Nc3 Bg7 4. e4 d6 5. f3 O-O 6. Nge2 e5 7. Bg5 h6 8. Be3
Nc6 9. d5 Ne7 10. Qd2 Kh7 11. g4 c6 12. O-O-O cxd5 13. cxd5 Nd7 14. Ng3 a6 15.
h4 b5 16. h5 g5 17. Kb1 Bf6 18. Rc1 Nb6 19. Nd1 Bd7 20. Qa5 Nec8 21. Nf5 Na4
22. Qc7 b4 23. Qb7 Ncb6 24. Nxd6 Rb8 25. Qxa6 Ra8 26. Qe2 Qb8 27. Nf5 Rc8 28.
Rxc8 Nxc8 29. Qc2 Bxf5 30. gxf5 Nd6 31. b3 Nc3+ 32. Nxc3 bxc3 33. Qxc3 Nb5 34.
Bxb5 Qxb5 35. Qc4 Qa5 36. a4 Rb8 37. Ka2 Kg7 38. Rd1 1-0

[Event "Fynsmesterskabet"]
[Site "Odense"]
[Date "2011.06.03"]
[Round "5"]
[White "Bonnelykke, Ole"]
[Black "Randlov, Carsten"]
[Result "1-0"]
[WhiteElo "2067"]
[BlackElo "1863"]
[PlyCount "61"]
[EventDate "2011.06.01"]
[EventType "swiss"]
[EventRounds "9"]
[EventCountry "DEN"]
[SourceTitle "CBM 142 Extra"]
[Source "ChessBase"]
[SourceDate "2011.06.27"]

1. d4 d5 2. e4 c6 3. e5 Bf5 4. Nc3 e6 5. g4 Bg6 6. Be3 Nd7 7. Nge2 c5 8. dxc5
Nxe5 9. Nd4 h5 10. Bb5+ Nd7 11. c6 bxc6 12. Nxc6 Qc7 13. Qe2 Ne7 14. O-O-O Nxc6
15. Nxd5 Qc8 16. Bf4 Be7 17. Nc7+ Kf8 18. Bxc6 Nb6 19. Qb5 hxg4 20. Nxa8 Nxa8
21. Qb8 Nb6 22. Qxc8+ Nxc8 23. Rd7 Rh5 24. Rc7 Nb6 25. Be3 Bf6 26. Bxb6 axb6
27. Rc8+ Ke7 28. a4 Rc5 29. c3 b5 30. axb5 Be4 31. Re8+ 1-0

[Event "Fynsmesterskabet"]
[Site "Odense"]
[Date "2011.06.03"]
[Round "5"]
[White "Danielsen, Henrik"]
[Black "Rewitz, Poul"]
[Result "1/2-1/2"]
[WhiteElo "2545"]
[BlackElo "2289"]
[PlyCount "210"]
[EventDate "2011.06.01"]
[EventType "swiss"]
[EventRounds "9"]
[EventCountry "DEN"]
[SourceTitle "CBM 142 Extra"]
[Source "ChessBase"]
[SourceDate "2011.06.27"]

1. Nf3 Nf6 2. g3 d5 3. Bg2 c5 4. O-O Nc6 5. d3 g6 6. Nbd2 Bg7 7. e4 d4 8. a3
O-O 9. Rb1 b5 10. b4 c4 11. dxc4 bxc4 12. Re1 c3 13. Nb3 Qb6 14. e5 Ng4 15. Bf4
d3 16. Nc5 d2 17. Re2 Rb8 18. h3 Rd8 19. Na4 Qa6 20. Nxc3 Qc4 21. Rb3 g5 22.
Re4 Nd4 23. Nxd4 Rxd4 24. Bxd2 Nxe5 25. Rxd4 Qxd4 26. Bxg5 Qxd1+ 27. Nxd1 Be6
28. Rb1 Nc4 29. Bxe7 Nxa3 30. Rc1 Rc8 31. c3 Nb5 32. Bc5 a5 33. Bb7 Rc7 34. Ba6
axb4 35. Bxb4 Nd4 36. g4 h5 37. Ne3 Nb3 38. Rd1 Bxc3 39. Rd8+ Kg7 40. Bf8+ Kg6
41. Bd6 Rd7 42. Bd3+ Kg7 43. Rxd7 Bxd7 44. gxh5 Bxh3 45. Kh2 Be6 46. Bf4 Bf6
47. f3 Nc5 48. Bc2 Nd7 49. Kg3 Be5 50. h6+ Kh8 51. Bxe5+ Nxe5 52. f4 Nd7 53. f5
Ba2 54. Ng4 Bd5 55. Kf4 Bc4 56. Ba4 Nb6 57. Bc6 Ba2 58. Kg5 Nd5 59. Bxd5 Bxd5
60. Ne5 Kh7 61. Nd7 Bb3 62. Nf6+ Kh8 63. Ne4 Kh7 64. Nf6+ Kh8 65. Nd7 Kh7 66.
Nf8+ Kh8 67. f6 Kg8 68. Nd7 Kh7 69. Ne5 Ba2 70. Kh5 Bb3 71. Nc6 Bd1+ 72. Kg5
Bb3 73. Nd4 Ba2 74. Nf3 Bd5 75. Ne5 Bb3 76. Nd7 Ba2 77. Nf8+ Kg8 78. Nd7 Kh7
79. Nc5 Bc4 80. Ne4 Bd5 81. Nf2 Bb3 82. Kh5 Bc4 83. Ne4 Be2+ 84. Kg5 Bc4 85.
Ng3 Bd3 86. Nh5 Bc4 87. Ng7 Bb3 88. Ne8 Ba2 89. Nc7 Bc4 90. Na8 Ba2 91. Nb6 Bb3
92. Nd7 Ba2 93. Nf8+ Kg8 94. h7+ Kh8 95. Kh6 Bb3 96. Nd7 Ba2 97. Ne5 Bb3 98.
Nf3 Bc2 99. Ng5 Bg6 100. Nf3 Bc2 101. Ne5 Bb3 102. Nc6 Ba2 103. Ne5 Bb3 104.
Nf3 Bc2 105. Ne5 Bb3 1/2-1/2

[Event "Fynsmesterskabet"]
[Site "Odense"]
[Date "2011.06.03"]
[Round "5"]
[White "Epishin, Vladimir"]
[Black "Hagen, Andreas Skytte"]
[Result "1-0"]
[WhiteElo "2562"]
[BlackElo "2346"]
[PlyCount "67"]
[EventDate "2011.06.01"]
[EventType "swiss"]
[EventRounds "9"]
[EventCountry "DEN"]
[SourceTitle "CBM 142 Extra"]
[Source "ChessBase"]
[SourceDate "2011.06.27"]

1. d4 Nf6 2. c4 g6 3. Nc3 d5 4. Nf3 Bg7 5. Bg5 Ne4 6. cxd5 Nxg5 7. Nxg5 O-O 8.
Qd2 c6 9. e4 cxd5 10. exd5 Nd7 11. Bc4 Nb6 12. Bb3 Bf5 13. O-O Rc8 14. Nf3 Nc4
15. Qe2 Na5 16. h3 a6 17. Rfe1 Re8 18. Ne5 Nxb3 19. axb3 g5 20. Qf3 Bg6 21. Ne4
e6 22. d6 Rf8 23. d7 Rc7 24. Rad1 Bxe4 25. Rxe4 f5 26. Ree1 Bxe5 27. Rxe5 Rf6
28. Qe3 Qxd7 29. Qxg5+ Rg6 30. Qf4 Qc6 31. d5 exd5 32. Rxf5 Qd6 33. Rdxd5 Qxf4
34. Rxf4 1-0